000 00375nam a2200133Ia 4500
008 191206s9999 xx 000 0 und d
020 _a0192805649 (hbk.)
090 _aDG311.W33
245 0 _afall of Rome: and the end of civilization
260 _aOxford University Press
260 _cc2005
300 _a"vi, 239 p. : ill., maps ; 24 cm."
999 _c15951
_d15951